South Eastern Kenya University

Library Online Public Access Catalogue


Green materials for sustainable water remediation and treatment / (Record no. 16554)

MARC details
000 -LEADER
fixed length control field 01279cam a22003857a 4500
001 - CONTROL NUMBER
control field 17968402
003 - CONTROL NUMBER IDENTIFIER
control field OSt
005 - DATE AND TIME OF LATEST TRANSACTION
control field 20180419115519.0
008 - FIXED-LENGTH DATA ELEMENTS--GENERAL INFORMATION
fixed length control field 131211t20132013enkab b 001 0 eng d
010 ## - LIBRARY OF CONGRESS CONTROL NUMBER
LC control number 2013444235
015 ## - NATIONAL BIBLIOGRAPHY NUMBER
National bibliography number GBB2B7770
Source bnb
016 7# - NATIONAL BIBLIOGRAPHIC AGENCY CONTROL NUMBER
Record control number 016215747
Source Uk
020 ## - INTERNATIONAL STANDARD BOOK NUMBER
International Standard Book Number 9781849736213 (hbk.)
020 ## - INTERNATIONAL STANDARD BOOK NUMBER
International Standard Book Number 1849736219 (hbk.)
035 ## - SYSTEM CONTROL NUMBER
System control number (OCoLC)ocn861643812
040 ## - CATALOGING SOURCE
Original cataloging agency SEKU
Language of cataloging eng
042 ## - AUTHENTICATION CODE
Authentication code lccopycat
050 00 - LIBRARY OF CONGRESS CALL NUMBER
Classification number TD430.G74 2013
100 ## - MAIN ENTRY--PERSONAL NAME
Relator code Mishra, Anuradha
245 00 - TITLE STATEMENT
Title Green materials for sustainable water remediation and treatment /
Statement of responsibility, etc. edited by Anuradha Mishra and James H. Clark.
264 #1 - PRODUCTION, PUBLICATION, DISTRIBUTION, MANUFACTURE, AND COPYRIGHT NOTICE
Place of production, publication, distribution, manufacture Cambridge :
Name of producer, publisher, distributor, manufacturer RSC Pub.,
Date of production, publication, distribution, manufacture, or copyright notice [2013]
264 #4 - PRODUCTION, PUBLICATION, DISTRIBUTION, MANUFACTURE, AND COPYRIGHT NOTICE
Date of production, publication, distribution, manufacture, or copyright notice ©2013
300 ## - PHYSICAL DESCRIPTION
Extent xv, 259 pages :
Other physical details illustrations, 1 map ;
Dimensions 25 cm.
490 1# - SERIES STATEMENT
Series statement RSC green chemistry ;
Volume/sequential designation No. 23
504 ## - BIBLIOGRAPHY, ETC. NOTE
Bibliography, etc Includes bibliographical references and index.
650 #0 - SUBJECT ADDED ENTRY--TOPICAL TERM
Topical term or geographic name as entry element Water-supply engineering
General subdivision Environmental aspects.
650 #0 - SUBJECT ADDED ENTRY--TOPICAL TERM
Topical term or geographic name as entry element Green technology.
700 1# - ADDED ENTRY--PERSONAL NAME
Personal name Clerk, James
700 1# - ADDED ENTRY--PERSONAL NAME
Personal name Clark, James H.
710 2# - ADDED ENTRY--CORPORATE NAME
Corporate name or jurisdiction name as entry element Royal Society of Chemistry (Great Britain)
830 #0 - SERIES ADDED ENTRY--UNIFORM TITLE
Uniform title RSC green chemistry series ;
Volume number/sequential designation 23.
906 ## - LOCAL DATA ELEMENT F, LDF (RLIN)
a 7
b cbc
c copycat
d 2
e ncip
f 20
g y-gencatlg
942 ## - ADDED ENTRY ELEMENTS (KOHA)
Source of classification or shelving scheme Library of Congress Classification
Koha item type General circulation
Holdings
Withdrawn status Lost status Source of classification or shelving scheme Damaged status Not for loan Home library Current library Shelving location Date acquired Total Checkouts Full call number Barcode Date last seen Price effective from Koha item type
    Library of Congress Classification     Main Campus Library Main Campus Library General Stacks 19/04/2018   TD430.G74 2013 2018/020293 19/04/2018 19/04/2018 General circulation
    Library of Congress Classification     Main Campus Library Main Campus Library General Stacks 19/04/2018   TD430.G74 2013 2018/020216 19/04/2018 19/04/2018 General circulation
Kitui, Kenya.
+254736116989
library@seku.ac.ke